000
00316nam a2200109Ia 4500
008
171211s9999 xx 000 0 und d
245
_a
Mussels: Anatomy, Habitat and Environmental Impact
245
_c
Lauren E. McGevin
260
_c
2011
650
_x
ANIMALS
856
_u
http://down.ebook777.com/042/1617617636.pdf
999
_c
348503
_d
348503